000 00588nam a2200205 4500
999 _c3744
_d3744
003 OSt
005 20210419115906.0
008 160425b xxu||||| |||| 00| 0 eng d
020 _a1891389076
040 _cDDC.
082 _a536.7 COX 1999
100 _aCox, Heather
_98255
245 _aProblems and Solutions to Accompany McQuarrie and Simon Molecular Thermodynamics
260 _aCalfornia;
_bUniversity science books,
_c1999
300 _av, 510p;
_bill :
_c28cm
504 _aIncludes index
650 _aThermodynamics
_98256
650 _aMolecular
_912668
942 _2ddc
_cSLOAN